00659nam a2200229 a 4500001001300000003000900013005001700022008004100039020001000080082001300090100001900103245006800122260004300190300000900233500003500242505001000277700001900287902000800306942000700314952009300321999001500414nice12345678IN_TiNIC20260116011828.0050524s1948 lona grp 000 0 eng  ac10000a201bIRE aIremonger, F A aWilliam Templeb Archbishop of Canterbury His Life and Letters. aLondonbOxford University Press c1948 a663p aincludes index and biblioraphy2 aIndex1 aIremonger, F A bSRS cBK 00104070aHMIbHMId2007-03-19g100.00l0o201 IREp9736r2007-03-19w2026-01-16yARB c4273d4273